|
|
|
|
| LEADER |
00000nab a2200000 4500 |
| 001 |
vtls012241164 |
| 003 |
SK-MaSNL |
| 005 |
20260303221848.0 |
| 008 |
231009|2023 xo |||| ||an ||00 0|slo |
| 015 |
|
|
|a SNBRB2023/10
|
| 040 |
|
|
|a SPKCL
|b slo
|e rda
|
| 041 |
|
|
|a slo
|b slo
|b eng
|
| 044 |
|
|
|a xo
|c SK
|
| 072 |
|
7 |
|a 613
|x Hygiena. Ľudské zdravie
|2 konspekt
|
| 080 |
|
|
|a 613/614:374.7
|2 2011
|
| 100 |
1 |
|
|a Mazalánová, Anna,
|d 1955-
|4 aut
|9 240000
|
| 245 |
1 |
0 |
|a Vybrané aspekty zdravia z pohľadu edukácie dospelých
|c Anna Mazalánová, Veronika Kitová Mazalánová
|
| 336 |
|
|
|a text
|b txt
|2 rdacontent
|
| 337 |
|
|
|a bez média
|b n
|2 rdamedia
|
| 338 |
|
|
|a zväzok
|b nc
|2 rdacarrier
|
| 504 |
|
|
|a Obsahuje bibliografiu
|
| 546 |
|
|
|a Anglické a slovenské resumé
|
| 650 |
0 |
7 |
|a zdravie
|2 SNKPH
|9 16322
|
| 650 |
0 |
7 |
|a vzdelávanie dospelých
|2 SNKPH
|9 4999
|
| 700 |
1 |
|
|a Kitová Mazalánová, Veronika,
|d 1986-
|4 aut
|9 199826
|
| 773 |
0 |
|
|t Acta Andragogica
|g Roč. 8 (2023), s. 103-134
|x 978-80-223-3369-6
|
| 958 |
|
|
|a NB
|
| 999 |
|
|
|c 2236626
|d 2238556
|